000 01053nam2a22002531 4500
001 RU\NLR\INFOCOMM7\1000093445
005 20250617013518.0
035 _a(NLR Aleph) 002348036
090 _a4503613
_c4503613
100 _a20041115d1895 |||y0rusy50 ca
101 0 _arus
102 _aRU
105 _ay |||||||||
200 1 _aО сопротивлении верхнего строения
_fИ.Р. Стецевич
210 _d1895
_aБ. м.
461 0 _1001RU\NLR\INFOCOMM7\1000093310
_12001#$aИзвестия Собрания инженеров путей сообщения$vГ.12 1895, Т.15, №10
_94503559
_aСобрание инженеров путей сообщения (Петербург)
_cСПб.
_d1883-1918
_tИзвестия Собрания инженеров путей сообщения
_vГ.12 1895, Т.15, №10
700 1 _aСтецевич
_bИ.Р.
_4070
801 1 _aRU
_bInfoComm
_c20041115
801 0 _aRU
_bNLR
_gPSBO
852 _aNLR
_j2/745низ.
942 _cISSUE
980 _aNB
980 _aRUSPER